Informacionno-vyčisliteľnyje sieti

Enregistré dans:
Détails bibliographiques
Auteur principal: Jakubajtis, Eduerd Aleksander (Auteur)
Format: Livre
Langue:russe
Publié: Moskva : Finansy i statistika, 1984
Édition:1. vyd.
Sujets:
Tags: Ajouter un tag
Pas de tags, Soyez le premier à ajouter un tag!

MARC

LEADER 00000nam a22000003a 4500
001 stu95342
005 20150617225814.2
008 050822s1984----xxr-----------------rus-d
040 |a STU  |b slo 
041 0 |a rus 
044 |a xxr 
080 |a 681.324 
100 1 |a Jakubajtis, Eduerd Aleksander  |4 aut 
245 1 |a Informacionno-vyčisliteľnyje sieti 
250 |a 1. vyd. 
260 |a Moskva :  |b Finansy i statistika,  |c 1984 
300 |a 230 s 
650 7 |a internet  |2 stusub 
996 |b E54853  |c E*54853  |l EE16  |s P  |a 0  |w stu95342_0001